000 01192nam0a2200337 4500
001 RU\NLR\bibl\744018
005 20260406060835.0
010 _a5-7761-1370-9
_95000
021 _aRU
_b2004-76363
_93766
035 _a(NLR Aleph) 000733871
090 _a779735
_c779735
100 _a20050404d2004 |||y0rusy50 ca
101 0 _arus
_atat
102 _aRU
105 _aa |||||||||
200 1 _aБуквалики
_e[стихи для детей]
_fИльдус Хазеев
_gлит. обраб. текстов Розы Кожевниковой
210 _aКазань
_cМагариф
_d2004
215 _a63 с.
_cцв. ил.
_d29
300 _aНа обл. авт. не указан
300 _aПарал. загл. на татар. яз.
686 _aШ9(2)60=Тат7-5
700 1 _aХазеев
_bИ.
_gИльдус
_4070
702 1 _4010
_7ca
_8rus
_aКожевникова
_bР. Х.
_f1950-2007
_gРоза Хабиевна
_3RU\NLR\AUTH\7711036
_9120792
801 0 _aRU
_bNLR
_c20050404
_gPSBO
801 1 _aRU
_bNLR
_c20050404
852 _aNLR
_bОНЛ
_jТатар./5-412
942 _cBOOK
980 _aNB